| 000 | 00764nam a2200253Ia 4500 | ||
|---|---|---|---|
| 003 | OSt | ||
| 005 | 20221005050024.0 | ||
| 006 | a|||||r|||| 00| 0 | ||
| 007 | ta | ||
| 008 | 221004b |||||||| |||| 00| 0 ben d | ||
| 020 |
_a8170794609 (hbk) _c125 |
||
| 024 | _a4511 | ||
| 037 |
_b765, 16/03/2013, Bright Book Service _cTextual |
||
| 040 |
_aCRL _cCRL _bben |
||
| 041 |
_2ben _aben |
||
| 082 | _aU8.4g7H, 157P4 | ||
| 100 |
_aSanyal Prododhkumar _9594215 |
||
| 245 | 0 | _aUttar Himalaya charit | |
| 260 |
_aKolkata _bSudhangshu Sekhar Dey Dey's Pub India _c2004 |
||
| 300 |
_a306p. _ccm. |
||
| 650 | _aGEOGRAPHY | ||
| 942 |
_hU8.4g7H, 157P4 _cTEXL _2cc |
||
| 999 |
_c956138 _d956138 |
||